000
00248nam a2200121Ia 4500
100
_a
Mehta/V.G.
942
_c
RB
245
_a
Income-Tax Ready Reckoner.
260
_b
Shri Kuber Publ.
_a
Mumbai
300
_a
352
546
_a
ENGLISH
999
_c
23889
_d
23889